Biarkan aku menangis
| Main Author: | |
|---|---|
| Format: | Book |
| Language: | Malay |
| Published: |
Kajang, Selangor :
NB ,
2006
|
| Subjects: |
MARC
| LEADER | 00000cam a2200000 7i4500 | ||
|---|---|---|---|
| 001 | 0000022285 | ||
| 005 | 20090506.0 | ||
| 008 | 090506s my may | ||
| 020 | |a 983421152x , |c RM21.50 | ||
| 040 | |a INS | ||
| 090 | 0 | 0 | |a PL5136 |b N67 2006 |
| 100 | 0 | |a Norhayati Berahim | |
| 245 | 1 | 0 | |a Biarkan aku menangis |c Norhayati Berahim |
| 260 | |a Kajang, Selangor : |b NB , |c 2006 | ||
| 300 | |a 566ms. : |b 23cm | ||
| 650 | 0 | |a Malay fiction | |
| 999 | |a 0000020863 |b BOOK |c Open Shelf |e Default branch | ||